[Event "38th WCh U20 Girls"]
[Site "Cala Gonone ITA"]
[Date "2022.10.15"]
[Round "5.29"]
[White "Middleton, Jody"]
[Black "Jacobsen, Shanne Hedegaard"]
[Result "1-0"]
[WhiteElo "1850"]
[BlackElo "1412"]
[EventDate "2022.10.12"]
[PlyCount "129"]

1.d4 d5 2.c4 c6 3.cxd5 cxd5 4.Bf4 Nf6 5.Nc3 Nc6 6.e3 Bg4 7.Qb3 Qd7 8.Bd3 
e6 9.Rc1 Rc8 10.Nge2 Be7 11.O-O O-O 12.f3 Bh5 13.Be5 Bg6 14.Bxg6 hxg6 15.
Rfd1 Na5 16.Qc2 Nc4 17.Kf2 Qc6 18.Rh1 Nd7 19.Bg3 e5 20.dxe5 Ndxe5 21.Bxe5 
Nxe5 22.Rhd1 Qf6 23.Nf4 Rfd8 24.Rxd5 Ng4+ 25.Ke2 Qa6+ 26.Qd3 Qxd3+ 27.Rxd3
Rxd3 28.Nxd3 Nf6 29.Nd5 Re8 30.Nxe7+ Rxe7 31.Nf4 g5 32.Nh3 g4 33.Ng5 gxf3+
34.gxf3 g6 35.Rc5 Rd7 36.e4 Kg7 37.Nh3 Re7 38.Nf4 Rd7 39.Ke3 b6 40.Re5 Kf8
41.h4 Rd1 42.Rb5 Rh1 43.Nd5 Nd7 44.Rb3 Rh2 45.Kf4 Nc5 46.Ra3 Rxb2 47.Rxa7 
Nd3+ 48.Ke3 Ne5 49.f4 Nc4+ 50.Kd3 b5 51.a4 Rb3+ 52.Kd4 Nd6 53.Ra6 Nb7 54.
a5 Ra3 55.Ra8+ Kg7 56.a6 Nd6 57.Nb6 b4 58.Nc4 Nxc4 59.Kxc4 b3 60.Kc3 Kf6 
61.Kb2 Ra4 62.a7 Ra6 63.Kxb3 Ke7 64.Kc4 Kd7 65.Rf8 1-0

[Event "38th WCh U20 Girls"]
[Site "Cala Gonone ITA"]
[Date "2022.10.15"]
[Round "5.30"]
[White "Muha, Magdalena"]
[Black "Georges, Lisa"]
[Result "1-0"]
[WhiteElo "1706"]
[BlackElo "1799"]
[EventDate "2022.10.12"]
[PlyCount "57"]

1.d4 Nf6 2.c4 c5 3.d5 b5 4.cxb5 a6 5.bxa6 g6 6.Nc3 Bxa6 7.g3 d6 8.Bg2 Bg7 
9.Nf3 O-O 10.O-O Nbd7 11.Rb1 Qa5 12.Bd2 Rfb8 13.b3 c4 14.Nd4 Ne5 15.Kh1 
Qc5 16.Be1 Nfd7 17.Nc6 Nxc6 18.dxc6 Ne5 19.c7 Qxc7 20.Bxa8 Rxa8 21.b4 Qd7 
22.f3 Bb7 23.Kg2 d5 24.a4 d4 25.Nb5 Ng4 26.Bf2 Nxf2 27.Rxf2 e5 28.Qc2 Qe6 
29.Nc7 1-0

[Event "38th WCh U20 Girls"]
[Site "Cala Gonone ITA"]
[Date "2022.10.15"]
[Round "5.31"]
[White "Oliveira, Beatriz Correia"]
[Black "Silvera, Pilar"]
[Result "1/2-1/2"]
[WhiteElo "1538"]
[BlackElo "1470"]
[EventDate "2022.10.12"]
[PlyCount "99"]

1.d4 Nf6 2.c4 g6 3.Nc3 Bg7 4.Nf3 O-O 5.e4 d6 6.Be2 e5 7.O-O Nc6 8.Re1 exd4
9.Nxd4 Nxd4 10.Qxd4 Ng4 11.Qd3 Qh4 12.Bxg4 Bxg4 13.Bf4 Be6 14.Bg3 Qg5 15.
Rac1 Qa5 16.a3 Rad8 17.Qe2 Rfe8 18.Nb5 Bd7 19.b4 Qb6 20.Nc3 Be6 21.Nb1 Rd7
22.Qf3 Rde7 23.Bh4 Rd7 24.Bg5 Qd4 25.Qe3 Qxe3 26.Bxe3 a6 27.h3 h6 28.Red1 
Rde7 29.Re1 f5 30.exf5 Bxf5 31.a4 Bd4 32.g4 Bxe3 33.Rxe3 Rxe3 34.fxe3 Bxb1
35.Rxb1 Rxe3 36.c5 d5 37.b5 a5 38.c6 b6 39.Rd1 Re5 40.Rf1 d4 41.Rf4 Rd5 
42.Kf2 Kg7 43.Ke2 d3+ 44.Kd2 Rd6 45.Re4 Kf7 46.Rf4+ Ke7 47.Re4+ Kf7 48.
Rf4+ Kg7 49.Re4 Kf7 50.Rf4+ 1/2-1/2

[Event "38th WCh U20 Girls"]
[Site "Cala Gonone ITA"]
[Date "2022.10.15"]
[Round "5.32"]
[White "Velikova, Gabriela"]
[Black "Shaw, Laurie Ann"]
[Result "0-1"]
[WhiteElo "1500"]
[BlackElo "1409"]
[EventDate "2022.10.12"]
[PlyCount "134"]

1.e4 c5 2.Nc3 Nc6 3.f4 g6 4.Bc4 Bg7 5.Nf3 e6 6.f5 exf5 7.exf5 Nge7 8.fxg6 
hxg6 9.d3 d5 10.Bb3 Bg4 11.h3 Nd4 12.Kf2 Bxf3 13.gxf3 Nxb3 14.axb3 Bd4+ 
15.Kg2 Nf5 16.Re1+ Kf8 17.Rh1 Ne3+ 18.Bxe3 Bxe3 19.Qe1 d4 20.Ne4 b6 21.Qg3
f5 22.Qd6+ Kf7 23.Qxd8 Rhxd8 24.Ng3 a5 25.Nf1 Re8 26.Ng3 Rh8 27.Rhe1 Rae8 
28.Re2 Rh7 29.Rae1 Reh8 30.Rh1 Kf6 31.Nf1 f4 32.Nh2 Kf5 33.Ng4 Re7 34.Rhe1
Rhe8 35.Nf2 Re5 36.Ne4 Ke6 37.Rh1 Rc8 38.Ree1 Ra8 39.Ra1 Kd5 40.Nf6+ Kc6 
41.Ne4 b5 42.Ra2 Kb6 43.h4 Re6 44.Kh3 Rc6 45.Kg4 c4 46.bxc4 bxc4 47.b4 Ra6
48.Nc5 Ra7 49.Na4+ Kb5 50.bxa5 Rxa5 51.Rb1+ Ka6 52.Rba1 Bd2 53.Nb2 cxd3 
54.Rxa5+ Bxa5 55.cxd3 Kb5 56.Nc4 Bc7 57.Re1 Kb4 58.Ne5 Bxe5 59.Rxe5 Kc3 
60.Kxf4 Kxd3 61.Kg5 Kd2 62.f4 d3 63.h5 gxh5 64.f5 Kc2 65.f6 d2 66.f7 d1=Q 
67.f8=Q Qg4# 0-1

[Event "38th WCh U20 Girls"]
[Site "Cala Gonone ITA"]
[Date "2022.10.15"]
[Round "5.33"]
[White "Gardiner, Noa Saxon"]
[Black "Andhin, Chethanah"]
[Result "1-0"]
[WhiteElo "1266"]
[BlackElo "1493"]
[EventDate "2022.10.12"]
[PlyCount "45"]

1.e4 d5 2.exd5 Qxd5 3.Nc3 Qa5 4.d4 Bf5 5.Bc4 Nf6 6.Bd2 Qb6 7.Qe2 e6 8.Nf3 
Bxc2 9.O-O Be7 10.Be3 Bf5 11.d5 Qa5 12.Nd4 c6 13.dxe6 fxe6 14.Bxe6 Bxe6 
15.Nxe6 Kf7 16.Bf4 Na6 17.Ng5+ Kf8 18.Qe6 Ke8 19.Qf7+ Kd8 20.Rad1+ Nd7 21.
Rxd7+ Kxd7 22.Rd1+ Kc8 23.Qe6# 1-0

[Event "38th WCh U20 Girls"]
[Site "Cala Gonone ITA"]
[Date "2022.10.16"]
[Round "6.1"]
[White "Salimova, Nurgyul"]
[Black "Kamalidenova, Meruert"]
[Result "1/2-1/2"]
[WhiteElo "2415"]
[BlackElo "2376"]
[EventDate "2022.10.12"]
[PlyCount "61"]

1.d4 d5 2.Nf3 Nf6 3.c4 e6 4.g3 dxc4 5.Bg2 Bb4+ 6.Bd2 c5 7.Bxb4 cxb4 8.Ne5 
O-O 9.Nxc4 Nc6 10.e3 e5 11.d5 b5 12.dxc6 Qxd1+ 13.Kxd1 bxc4 14.a3 Bg4+ 15.
Kc1 a5 16.Nd2 Be2 17.Bf1 Bd3 18.Nxc4 Be4 19.Rg1 Bxc6 20.Nxe5 Rac8 21.b3 
Bd5+ 22.Kb2 Rc3 23.Bc4 Bxc4 24.bxc4 Ne4 25.axb4 axb4 26.Rgc1 f6 27.Nc6 Rd3
28.Rd1 Rc3 29.Rdc1 Rd3 30.Rd1 Rc3 31.Rdc1 1/2-1/2

[Event "38th WCh U20 Girls"]
[Site "Cala Gonone ITA"]
[Date "2022.10.16"]
[Round "6.3"]
[White "Rudzinska, Michalina"]
[Black "Serikbay, Assel"]
[Result "0-1"]
[WhiteElo "2259"]
[BlackElo "2181"]
[EventDate "2022.10.12"]
[PlyCount "112"]

1.e4 c5 2.Nf3 d6 3.d4 cxd4 4.Nxd4 Nf6 5.Nc3 a6 6.Nb3 e5 7.Bg5 Nbd7 8.Nd5 
h6 9.Bxf6 Nxf6 10.Nxf6+ Qxf6 11.Bc4 Qg6 12.Qd3 Be7 13.O-O-O O-O 14.g3 Kh8 
15.f4 f5 16.Bd5 exf4 17.gxf4 fxe4 18.Bxe4 Bf5 19.Rhe1 Bh4 20.Bxf5 Qxf5 21.
Re4 Rf6 22.Nd4 Qg4 23.f5 Qg5+ 24.Kb1 Bf2 25.Rf1 Bxd4 26.Rxd4 Re8 27.Re4 
Ref8 28.Ref4 Qg2 29.a3 Qxh2 30.Qe4 R8f7 31.Qf3 Qd2 32.Rd1 Qa5 33.Rd5 Qe1+ 
34.Ka2 Re7 35.Qd3 Qe3 36.Rxd6 Qxd3 37.Rxd3 Ref7 38.Rd5 Kh7 39.Kb3 h5 40.
Kc3 Kh6 41.Rf1 g6 42.Rg1 Rxf5 43.Rd6 R7f6 44.Rd8 Rc6+ 45.Kd3 Rf3+ 46.Ke4 
Rh3 47.c3 Rh2 48.Rg3 h4 49.Rg1 Rxb2 50.Kd3 Rh2 51.Rg4 Kh5 52.Rg1 g5 53.Rg8
Rh3+ 54.Ke4 Rg3 55.Rxg3 hxg3 56.Kf5 Rc5+ 0-1

[Event "38th WCh U20 Girls"]
[Site "Cala Gonone ITA"]
[Date "2022.10.16"]
[Round "6.4"]
[White "Urh, Zala"]
[Black "Mkrtchian, Mariam"]
[Result "1/2-1/2"]
[WhiteElo "2221"]
[BlackElo "2374"]
[EventDate "2022.10.12"]
[PlyCount "118"]

1.e4 e5 2.Nf3 Nc6 3.Bb5 a6 4.Ba4 Nf6 5.O-O Nxe4 6.d4 b5 7.Bb3 d5 8.dxe5 
Be6 9.Qe2 Be7 10.Rd1 O-O 11.c4 bxc4 12.Bxc4 Bc5 13.Be3 Bxe3 14.Qxe3 Qb8 
15.Bb3 Na5 16.Nbd2 Nxb3 17.Nxb3 c5 18.Nxc5 Nxc5 19.Qxc5 Qxb2 20.Qd4 Rab8 
21.Rd2 Qa3 22.Rd3 Qa5 23.a3 Rfc8 24.Ng5 Rc4 25.Qa7 Rbc8 26.h3 Qb5 27.Nxe6 
fxe6 28.Qe7 Re8 29.Qg5 Qb2 30.Rad1 Rf8 31.R1d2 Rc1+ 32.Kh2 Qa1 33.Rb3 h6 
34.Qe3 Rh1+ 35.Kg3 Qg1 36.f4 Qh2+ 37.Kg4 Rf5 38.Rf2 Rf1 39.Rbb2 h5+ 40.Kf3
Rxf2+ 41.Rxf2 g5 42.g3 Qxh3 43.Ke2 Qg4+ 44.Kd2 h4 45.Qb6 hxg3 46.Qxe6+ Kg7
47.Qd7+ Kh6 48.Qc8 Kg7 49.Qd7+ Kh6 50.Qc8 Rxf4 51.Qh8+ Kg6 52.Qg8+ Kf5 53.
Qc8+ Kxe5 54.Re2+ Kd6 55.Qxa6+ Kc5 56.Qa5+ Kc6 57.Qa6+ Kc5 58.Qa5+ Kc6 59.
Qa6+ Kc5 1/2-1/2

[Event "38th WCh U20 Girls"]
[Site "Cala Gonone ITA"]
[Date "2022.10.16"]
[Round "6.5"]
[White "Schneider, Jana"]
[Black "Goltseva, Ekaterina"]
[Result "1-0"]
[WhiteElo "2331"]
[BlackElo "2300"]
[EventDate "2022.10.12"]
[PlyCount "51"]

1.e4 e6 2.d4 d5 3.e5 c5 4.c3 Qa5 5.dxc5 Qc7 6.Nf3 Bxc5 7.b4 Be7 8.Bd3 Nc6 
9.Bf4 g5 10.Nxg5 Bxg5 11.Bxg5 Nxe5 12.O-O Nxd3 13.Qxd3 f6 14.Bh4 Qf7 15.
Qf3 Bd7 16.c4 dxc4 17.Qxb7 Rd8 18.Nc3 Qh5 19.Bg3 Nh6 20.Rad1 Qf7 21.Bc7 
Rc8 22.Bf4 Nf5 23.Ne4 Rd8 24.Bc7 Ke7 25.Bxd8+ Rxd8 26.Nc5 1-0

[Event "38th WCh U20 Girls"]
[Site "Cala Gonone ITA"]
[Date "2022.10.16"]
[Round "6.6"]
[White "Hrebenshchykova, Yelyzaveta"]
[Black "Ouellet, Maili-Jade"]
[Result "1/2-1/2"]
[WhiteElo "2268"]
[BlackElo "2177"]
[EventDate "2022.10.12"]
[PlyCount "113"]

1.Nf3 d5 2.g3 Nf6 3.Bg2 c5 4.O-O e6 5.d3 Nc6 6.Nbd2 Be7 7.e4 O-O 8.Re1 Rb8
9.e5 Nd7 10.Nf1 b5 11.h4 a5 12.N1h2 a4 13.a3 Ba6 14.h5 h6 15.Ng4 Re8 16.
Bd2 Bf8 17.Qc1 Kh7 18.Bf1 Nd4 19.Nxd4 cxd4 20.b4 axb3 21.cxb3 Ra8 22.Qb2 
Qb6 23.b4 Bb7 24.Nh2 f6 25.f4 fxe5 26.fxe5 Nb8 27.Nf3 Nc6 28.Bh3 Bc8 29.
Nh4 Bd7 30.Re2 Re7 31.Rf1 Kg8 32.Bc1 Be8 33.Bg4 Bf7 34.Qd2 Ree8 35.Qf4 Nd8
36.Bb2 Be7 37.Nf3 Rf8 38.Qxd4 Qc6 39.Nh4 Qe8 40.Ref2 Bxh5 41.Rxf8+ Bxf8 
42.Ng2 Bxg4 43.Qxg4 Rc8 44.Nf4 Rc6 45.Bd4 Kh7 46.Nh5 Nf7 47.Nf4 Ng5 48.Qe2
Qc8 49.Rf2 Qe8 50.Kg2 Be7 51.Qd1 g6 52.Qb3 Qa8 53.Ne2 Ra6 54.Qc3 Rc6 55.
Qb3 Ra6 56.Qc3 Rc6 57.Qb3 1/2-1/2

[Event "38th WCh U20 Girls"]
[Site "Cala Gonone ITA"]
[Date "2022.10.16"]
[Round "6.7"]
[White "Kurmangaliyeva, Liya"]
[Black "Malicka, Maria"]
[Result "1-0"]
[WhiteElo "2199"]
[BlackElo "2327"]
[EventDate "2022.10.12"]
[PlyCount "91"]

1.d4 Nf6 2.c4 g6 3.h4 c6 4.Nc3 d5 5.cxd5 cxd5 6.Bf4 Nc6 7.e3 a6 8.Rc1 Bg7 
9.Be2 h5 10.Nf3 Bg4 11.Ne5 Bxe2 12.Qxe2 Nxe5 13.Bxe5 e6 14.Qf3 O-O 15.Bxf6
Qxf6 16.Qxf6 Bxf6 17.Kd2 Rfc8 18.g3 Bd8 19.Na4 b6 20.f3 Kg7 21.Kd3 Kf6 22.
a3 Ke7 23.Nc3 Rc4 24.b3 Rc7 25.Na4 Rac8 26.Rxc7+ Rxc7 27.b4 Rc6 28.Nc3 Bc7
29.Rg1 Bd6 30.e4 dxe4+ 31.fxe4 Rc8 32.e5 Bb8 33.Rc1 Rd8 34.Ke3 f6 35.exf6+
Kxf6 36.Ne4+ Kf5 37.Rc6 a5 38.b5 Ba7 39.Rc7 Bb8 40.Rf7+ Kg4 41.Rf6 g5 42.
hxg5 Bxg3 43.g6 Bh2 44.g7 Bg1+ 45.Kd3 Bxd4 46.Rf8 1-0

[Event "38th WCh U20 Girls"]
[Site "Cala Gonone ITA"]
[Date "2022.10.16"]
[Round "6.8"]
[White "Schulze, Lara"]
[Black "Radikovic, Anamarija"]
[Result "1-0"]
[WhiteElo "2266"]
[BlackElo "2112"]
[EventDate "2022.10.12"]
[PlyCount "71"]

1.e4 c5 2.Nf3 d6 3.Bb5+ Bd7 4.Bxd7+ Qxd7 5.c4 g6 6.d4 cxd4 7.Qxd4 Nf6 8.
Nc3 Bg7 9.O-O O-O 10.Qd3 Nc6 11.h3 Rac8 12.Bd2 Rfd8 13.Rfd1 Qc7 14.Rac1 
Qb8 15.b3 Nd7 16.Qe2 Re8 17.Bg5 Nde5 18.Nd5 h6 19.Bf4 Rcd8 20.Nh2 a5 21.
Be3 Nd7 22.Ng4 Kh7 23.Qd2 h5 24.Nh2 Nc5 25.Qc2 Rc8 26.Nf3 b6 27.Ng5+ Kg8 
28.a3 a4 29.b4 Nd7 30.Qxa4 Qb7 31.Qb3 b5 32.cxb5 Qxb5 33.Nc3 Qb7 34.Qxf7+ 
Kh8 35.Qxg6 Nce5 36.Qh7# 1-0

[Event "38th WCh U20 Girls"]
[Site "Cala Gonone ITA"]
[Date "2022.10.16"]
[Round "6.9"]
[White "Aydin, Gulenay"]
[Black "Altantuya, Boldbaatar"]
[Result "0-1"]
[WhiteElo "2109"]
[BlackElo "2223"]
[EventDate "2022.10.12"]
[PlyCount "48"]

1.e4 e6 2.d4 d5 3.Nd2 a6 4.Ngf3 c5 5.dxc5 Bxc5 6.Bd3 Nc6 7.a3 Nge7 8.O-O 
O-O 9.b4 Ba7 10.Bb2 Ng6 11.exd5 exd5 12.Nb3 Nf4 13.Qd2 Bb8 14.Rfe1 f6 15.
Bf1 Bg4 16.Nbd4 Ne5 17.Nxe5 fxe5 18.Ne2 Bxe2 19.Rxe2 Nxe2+ 20.Qxe2 Qf6 21.
Rd1 Ba7 22.Rd2 Qxf2+ 23.Qxf2 Rxf2 24.Rxf2 Rf8 0-1

[Event "38th WCh U20 Girls"]
[Site "Cala Gonone ITA"]
[Date "2022.10.16"]
[Round "6.10"]
[White "Jarocka, Liwia"]
[Black "Gomez Barrera, Javiera Belen"]
[Result "1/2-1/2"]
[WhiteElo "2089"]
[BlackElo "2219"]
[EventDate "2022.10.12"]
[PlyCount "95"]

1.d4 Nf6 2.c4 g6 3.Nc3 Bg7 4.e4 d6 5.Nf3 O-O 6.Be2 e5 7.Be3 Na6 8.O-O Qe7 
9.dxe5 dxe5 10.Nd5 Qd8 11.Nxf6+ Qxf6 12.Qa4 b6 13.c5 Nxc5 14.Bxc5 bxc5 15.
Rac1 Qb6 16.Bc4 Rb8 17.Rc2 Bb7 18.Re1 Bf6 19.Bb3 Bc6 20.Qa3 Qb7 21.Rc4 Bb5
22.Rcc1 Be7 23.Nxe5 Rbe8 24.Nc4 Bg5 25.Ne3 Re5 26.Bd1 Qxe4 27.Bf3 Qa4 28.
Qxa4 Bxa4 29.b3 Bb5 30.Rc3 Rfe8 31.g3 Bh6 32.Kg2 Bf8 33.Rd1 Kg7 34.h4 h5 
35.a4 Ba6 36.Rd7 R8e7 37.Rd8 Re8 38.Rd7 R5e7 39.Rd5 Re6 40.Rd7 Bd6 41.Nc4 
R8e7 42.Rxe7 Bxe7 43.Na5 c4 44.Nxc4 Re1 45.Ne3 Bd6 46.Nc4 Bxc4 47.Rxc4 Rb1
48.Rc3 1/2-1/2

[Event "38th WCh U20 Girls"]
[Site "Cala Gonone ITA"]
[Date "2022.10.16"]
[Round "6.11"]
[White "Kucharska, Honorata"]
[Black "Bashylina, Luisa"]
[Result "1-0"]
[WhiteElo "2179"]
[BlackElo "2073"]
[EventDate "2022.10.12"]
[PlyCount "67"]

1.e4 c5 2.Nf3 d6 3.d4 cxd4 4.Nxd4 Nf6 5.Nc3 a6 6.h3 e5 7.Nb3 Be6 8.f4 b5 
9.Qf3 Nc6 10.Be3 exf4 11.Bxf4 Ne5 12.Bxe5 dxe5 13.Bd3 Bd6 14.O-O-O O-O 15.
g4 b4 16.Nd5 Bxd5 17.exd5 a5 18.Nd2 a4 19.g5 e4 20.Bxe4 Nxe4 21.Nxe4 b3 
22.cxb3 Be5 23.b4 a3 24.bxa3 Qb6 25.Kb1 Ra4 26.Rd3 Rc8 27.Rf1 Qc7 28.Nc5 
Ra5 29.Rc1 Qb6 30.Qf5 Re8 31.Nd7 Qb7 32.Nxe5 Rxd5 33.Qf3 Rexe5 34.Rxd5 1-0

[Event "38th WCh U20 Girls"]
[Site "Cala Gonone ITA"]
[Date "2022.10.16"]
[Round "6.12"]
[White "Nurgali, Nazerke"]
[Black "Aubert, Estee"]
[Result "1-0"]
[WhiteElo "2169"]
[BlackElo "2019"]
[EventDate "2022.10.12"]
[PlyCount "103"]

1.d4 d5 2.Nf3 Nf6 3.c4 c6 4.g3 dxc4 5.Bg2 b5 6.O-O Bb7 7.a4 a6 8.b3 cxb3 
9.Qxb3 e6 10.Rd1 Be7 11.Ne5 O-O 12.Nc3 Qb6 13.Bf4 Nfd7 14.Rab1 Nxe5 15.
Bxe5 Nd7 16.Bf4 b4 17.Ne4 c5 18.dxc5 Nxc5 19.Qxb4 Qxb4 20.Rxb4 Bxe4 21.
Bxe4 Nxe4 22.Rxe4 Rfd8 23.Rb1 Rac8 24.Rb7 Bc5 25.Kg2 Rd4 26.Rxd4 Bxd4 27.
Bc7 g5 28.a5 Ra8 29.Bb6 Be5 30.h3 Kg7 31.e3 Bd6 32.Rd7 Bb4 33.Kf3 Kg6 34.
Ke4 Be1 35.Rd1 Bc3 36.Rc1 Bg7 37.Rc6 h5 38.f4 Bf6 39.Kf3 Be7 40.e4 gxf4 
41.gxf4 Bf6 42.f5+ Kg5 43.Be3+ Kh4 44.Bf2+ Kg5 45.Be3+ Kh4 46.e5 Bxe5 47.
Rc4+ Kxh3 48.Bf2 Bf6 49.Rc1 Be5 50.Rh1+ Bh2 51.Bg3 Rc8 52.Rxh2# 1-0

[Event "38th WCh U20 Girls"]
[Site "Cala Gonone ITA"]
[Date "2022.10.16"]
[Round "6.13"]
[White "Hajiyeva, Laman"]
[Black "Sebastian, Mhage Gerriahlou"]
[Result "1-0"]
[WhiteElo "2138"]
[BlackElo "1865"]
[EventDate "2022.10.12"]
[PlyCount "71"]

1.e4 c6 2.d4 d5 3.e5 Bf5 4.h4 h6 5.Bd3 Bxd3 6.Qxd3 e6 7.Nf3 Nd7 8.Nbd2 c5 
9.c4 Ne7 10.O-O cxd4 11.cxd5 Nxd5 12.Qxd4 Qb6 13.Qa4 Qb4 14.Qc2 Be7 15.Nc4
O-O 16.Bd2 Qb5 17.Rfc1 N7b6 18.b3 Rfd8 19.Qe4 Rac8 20.Qg4 Kh8 21.Qh5 Qe8 
22.Bxh6 gxh6 23.Qxh6+ Kg8 24.Ng5 Bxg5 25.Qxg5+ Kh8 26.Nd6 Rxd6 27.exd6 Rd8
28.Qh6+ Kg8 29.Rd1 Rxd6 30.Rd3 Nf4 31.Rxd6 Ng6 32.h5 Ne7 33.Rd4 f5 34.
Qxe6+ Kh7 35.Re1 Nbc8 36.Rd7 1-0

[Event "38th WCh U20 Girls"]
[Site "Cala Gonone ITA"]
[Date "2022.10.16"]
[Round "6.14"]
[White "Vanduyfhuys, Daria"]
[Black "Gombocz, Zsofia"]
[Result "1-0"]
[WhiteElo "2073"]
[BlackElo "2118"]
[EventDate "2022.10.12"]
[PlyCount "69"]

1.d4 d5 2.c4 e6 3.Nf3 Nf6 4.Nc3 Be7 5.Bf4 Ne4 6.e3 Nxc3 7.bxc3 c5 8.cxd5 
Qxd5 9.Bb5+ Bd7 10.c4 Qe4 11.Qb1 Qxb1+ 12.Rxb1 Nc6 13.O-O Rd8 14.Rfd1 O-O 
15.dxc5 e5 16.Nxe5 Nxe5 17.Bxe5 Bf5 18.Rbc1 Bxc5 19.Rd5 Ba3 20.Rcd1 Rxd5 
21.cxd5 f6 22.Bc7 a6 23.Bc4 Bd7 24.d6+ Kh8 25.h3 g6 26.Bd5 b5 27.Bb7 Bb4 
28.Rc1 a5 29.e4 Bd2 30.Rc2 Bb4 31.Bd5 a4 32.f4 Rc8 33.Re2 Re8 34.e5 fxe5 
35.fxe5 1-0

[Event "38th WCh U20 Girls"]
[Site "Cala Gonone ITA"]
[Date "2022.10.16"]
[Round "6.15"]
[White "Kanyamarala, Trisha"]
[Black "Pipia, Ekaterine"]
[Result "1-0"]
[WhiteElo "2174"]
[BlackElo "1926"]
[EventDate "2022.10.12"]
[PlyCount "119"]

1.d4 d5 2.c4 e6 3.Nc3 Nf6 4.cxd5 exd5 5.Bg5 c6 6.Qc2 g6 7.e3 Bf5 8.Bd3 
Bxd3 9.Qxd3 h6 10.Bh4 Be7 11.Nge2 O-O 12.O-O Ne4 13.Bxe7 Qxe7 14.f3 Nxc3 
15.Nxc3 Nd7 16.e4 Nf6 17.e5 Nh5 18.f4 Ng7 19.Rae1 Qe6 20.Ne2 h5 21.f5 Nxf5
22.Nf4 Qe7 23.Nxh5 Qh4 24.Nf4 Kg7 25.g3 Qe7 26.e6 Rae8 27.Nh5+ gxh5 28.
Qxf5 fxe6 29.Qxh5 Rxf1+ 30.Rxf1 Rf8 31.Qg4+ Kh7 32.Rxf8 Qxf8 33.Qxe6 Qb4 
34.Qf7+ Kh6 35.Qf2 Qc4 36.a3 b6 37.h4 c5 38.dxc5 d4 39.Qf4+ Kg6 40.c6 Qxc6
41.Qxd4 Qf3 42.Qf2 Qd5 43.Kh2 Kh5 44.Qf4 Kg6 45.Qg5+ Qxg5 46.hxg5 Kxg5 47.
b4 Kg4 48.Kg2 b5 49.Kf2 a6 50.Kg2 Kf5 51.Kf3 Ke5 52.Ke3 Kd5 53.Kd3 Ke5 54.
g4 Kf4 55.Kd4 Kxg4 56.Kc5 Kf5 57.Kb6 Ke5 58.Kxa6 Kd6 59.Kxb5 Kc7 60.a4 1-0

[Event "38th WCh U20 Girls"]
[Site "Cala Gonone ITA"]
[Date "2022.10.16"]
[Round "6.16"]
[White "Sala, Giulia"]
[Black "Koubova, Anna Marie"]
[Result "0-1"]
[WhiteElo "1869"]
[BlackElo "2089"]
[EventDate "2022.10.12"]
[PlyCount "38"]

1.e4 e6 2.d4 d5 3.Nc3 Nf6 4.Bg5 Bb4 5.Ne2 h6 6.Bxf6 Qxf6 7.a3 Ba5 8.e5 Qe7
9.b4 Bb6 10.Na4 Bd7 11.Nxb6 axb6 12.Nf4 Rxa3 13.Rxa3 Qxb4+ 14.Qd2 Qxa3 15.
Be2 Qa1+ 16.Bd1 Bb5 17.f3 c5 18.c3 Nc6 19.dxc5 bxc5 0-1

[Event "38th WCh U20 Girls"]
[Site "Cala Gonone ITA"]
[Date "2022.10.16"]
[Round "6.17"]
[White "Djidjeli, Sarah"]
[Black "Grozdanovic, Anastasia"]
[Result "1-0"]
[WhiteElo "2082"]
[BlackElo "1824"]
[EventDate "2022.10.12"]
[PlyCount "63"]

1.e4 c6 2.d4 d5 3.e5 c5 4.dxc5 e6 5.c3 Bxc5 6.Qg4 g6 7.Bd3 Qb6 8.Qg3 Bd7 
9.b4 Be7 10.Be3 Qc7 11.Nf3 Nc6 12.O-O Bf8 13.Nbd2 Bg7 14.Bf4 Nge7 15.Rfe1 
a5 16.a3 d4 17.b5 Na7 18.c4 Qb6 19.Ne4 Nf5 20.Qh3 Nc8 21.Bg5 h5 22.Nf6+ 
Bxf6 23.Bxf6 Rg8 24.Ng5 Nce7 25.Ne4 Kf8 26.Ng5 Rc8 27.g4 Ng7 28.Nh7+ Ke8 
29.Bxe7 Rh8 30.c5 Qa7 31.b6 Qa8 32.Bd6 1-0

[Event "38th WCh U20 Girls"]
[Site "Cala Gonone ITA"]
[Date "2022.10.16"]
[Round "6.18"]
[White "Olde, Grete"]
[Black "Walter, Ema"]
[Result "1-0"]
[WhiteElo "1862"]
[BlackElo "2062"]
[EventDate "2022.10.12"]
[PlyCount "89"]

1.e4 e5 2.Nf3 Nc6 3.Bb5 Nge7 4.O-O Ng6 5.c3 a6 6.Bc4 Be7 7.d4 O-O 8.Be3 d6
9.Nbd2 Kh8 10.d5 Nb8 11.Bd3 Nd7 12.a4 Nf4 13.Bc2 g5 14.c4 Rg8 15.b4 Qf8 
16.Nb3 Nf6 17.Nc1 Bg4 18.Ra3 Qh6 19.Bxf4 gxf4 20.Qd3 Rg6 21.Re1 Rag8 22.g3
Qh5 23.Kf1 Qh3+ 24.Kg1 Qh5 25.Kf1 Bxf3 26.Qxf3 Qxh2 27.gxf4 Rg1+ 28.Ke2 
Rxe1+ 29.Kxe1 Qg1+ 30.Kd2 Rg2 31.Nd3 Ng4 32.Ra1 Qh2 33.Rf1 Bh4 34.fxe5 
Nxe5 35.Nxe5 dxe5 36.Qxf7 Rg7 37.Qf3 Rg3 38.Qf5 Bg5+ 39.Ke1 Bh6 40.Qxe5+ 
Bg7 41.Qxg3 Qh6 42.f4 Bf6 43.Qg4 Qh2 44.Kd1 Bc3 45.Qe2 1-0

[Event "38th WCh U20 Girls"]
[Site "Cala Gonone ITA"]
[Date "2022.10.16"]
[Round "6.19"]
[White "Ortega Beltran, Ximena"]
[Black "Bucur, Denisa-Andreea"]
[Result "0-1"]
[WhiteElo "1820"]
[BlackElo "1946"]
[EventDate "2022.10.12"]
[PlyCount "68"]

1.c4 e5 2.g3 Nf6 3.Bg2 Bc5 4.e3 O-O 5.Ne2 c6 6.O-O d5 7.d4 exd4 8.exd4 Be7
9.b3 Na6 10.Nbc3 dxc4 11.bxc4 Bf5 12.Qb3 Qd7 13.Ba3 Rad8 14.Rad1 Bxa3 15.
Qxa3 Bh3 16.Qa5 Bxg2 17.Kxg2 Qc8 18.Nf4 b6 19.Qg5 h6 20.Qh4 Qf5 21.Qh3 Qa5
22.g4 Qg5 23.Kg3 Rfe8 24.Nfe2 h5 25.f3 hxg4 26.fxg4 Re3+ 27.Rf3 Rde8 28.
Rf1 Rxe2 29.Nxe2 Rxe2 30.Rf4 Nc7 31.R1f3 Ne4+ 32.Rxe4 Rxe4 33.Qf1 Qxg4+ 
34.Kf2 Rf4 0-1

[Event "38th WCh U20 Girls"]
[Site "Cala Gonone ITA"]
[Date "2022.10.16"]
[Round "6.20"]
[White "Femil, Chelladurai"]
[Black "Dejanovic, Tereza"]
[Result "1/2-1/2"]
[WhiteElo "1562"]
[BlackElo "1943"]
[EventDate "2022.10.12"]
[PlyCount "96"]

1.e4 c5 2.Nf3 d6 3.d4 cxd4 4.Nxd4 Nf6 5.Nc3 a6 6.Be3 e6 7.f3 b5 8.Qd2 Bb7 
9.g4 h6 10.O-O-O Nbd7 11.h4 b4 12.Na4 d5 13.exd5 Nxd5 14.b3 Rc8 15.Bd3 Nc5
16.Nxc5 Bxc5 17.Be4 Qc7 18.Bxd5 Bxd5 19.Bf4 Qa5 20.Kb1 O-O 21.Qe2 Rfd8 22.
g5 h5 23.g6 Bxd4 24.Rxd4 f6 25.Rhd1 Qb6 26.Bc1 Qc6 27.f4 Kf8 28.Bb2 Ke7 
29.Qd2 a5 30.f5 Rd7 31.fxe6 Bxe6 32.Rxd7+ Qxd7 33.Qe2 Qc6 34.Re1 Rc7 35.
Bd4 Rd7 36.Qe3 Rd5 37.Bb2 Qd7 38.Qf3 Qd6 39.Qe2 Kd7 40.Bxf6 gxf6 41.Qf3 
Bg8 42.g7 Kc7 43.Kc1 Re5 44.Rd1 Qc6 45.Qf2 Qc5 46.Qxf6 Re8 47.Qg6 Qe5 48.
Kb1 Re6 1/2-1/2

[Event "38th WCh U20 Girls"]
[Site "Cala Gonone ITA"]
[Date "2022.10.16"]
[Round "6.21"]
[White "Simkunaite, Gabija"]
[Black "Le Thuy An"]
[Result "0-1"]
[WhiteElo "2014"]
[BlackElo "1728"]
[EventDate "2022.10.12"]
[PlyCount "66"]

1.e4 c5 2.Nf3 d6 3.Bb5+ Bd7 4.Bxd7+ Nxd7 5.O-O Ngf6 6.Re1 e6 7.c3 Be7 8.d4
O-O 9.Nbd2 Rc8 10.e5 Nd5 11.Ne4 dxe5 12.dxe5 c4 13.Ng3 Nc5 14.Qe2 Nd3 15.
Rd1 Qc7 16.Qe4 Bc5 17.Rxd3 cxd3 18.Ng5 f5 19.exf6 Nxf6 20.Qxd3 Rcd8 21.Qe2
Qb6 22.Be3 Bxe3 23.fxe3 h6 24.Nf3 Nd5 25.Nf1 Nf4 26.Qc2 Nd3 27.Qb3 Qxb3 
28.axb3 a6 29.Ra4 Nxb2 30.Re4 Rf6 31.Nd4 Nd1 32.c4 Nc3 33.Rxe6 Ne2+ 0-1

[Event "38th WCh U20 Girls"]
[Site "Cala Gonone ITA"]
[Date "2022.10.16"]
[Round "6.23"]
[White "Cassi, Elisa"]
[Black "Ruiz Villalba, Andrea"]
[Result "1-0"]
[WhiteElo "1965"]
[BlackElo "1764"]
[EventDate "2022.10.12"]
[PlyCount "109"]

1.e4 c5 2.Nf3 d6 3.d4 cxd4 4.Nxd4 Nf6 5.Nc3 g6 6.Be3 Bg7 7.f3 O-O 8.Qd2 
Nc6 9.O-O-O d5 10.exd5 Nxd5 11.Nxc6 bxc6 12.Bd4 e5 13.Bc5 Re8 14.Ne4 Qc7 
15.h4 f5 16.Nd6 Rd8 17.h5 Rxd6 18.Bxd6 Qxd6 19.c4 Qc5 20.hxg6 Ba6 21.gxh7+
Kh8 22.Kb1 Ne3 23.Qf2 e4 24.Rd7 f4 25.Rxg7 Kxg7 26.Qh4 Rh8 27.Qh6+ Kf7 28.
Qxf4+ Kg7 29.Qh6+ Kf7 30.Rh5 Qd4 31.Qf4+ Ke7 32.Re5+ Kd7 33.Be2 Qd2 34.
Qf7+ Kc8 35.Qe6+ Kc7 36.a3 Qc2+ 37.Ka2 Qxe2 38.Qe7+ Kc8 39.Qe6+ Kc7 40.
Qf7+ Kb6 41.c5+ Ka5 42.Qc7+ Kb5 43.Rxe4 Qd2 44.Rb4+ Qxb4 45.axb4 Kxb4 46.
Qg7 Bc4+ 47.Kb1 Rd8 48.Qc3+ Ka4 49.Qa3+ Kb5 50.Qxe3 Rh8 51.Qe4 a5 52.Kc2 
a4 53.Qe7 Kb4 54.Qg7 Bb3+ 55.Kd2 1-0

[Event "38th WCh U20 Girls"]
[Site "Cala Gonone ITA"]
[Date "2022.10.16"]
[Round "6.24"]
[White "Muha, Magdalena"]
[Black "Norlamo, Sarabella"]
[Result "1/2-1/2"]
[WhiteElo "1706"]
[BlackElo "1946"]
[EventDate "2022.10.12"]
[PlyCount "118"]

1.d4 Nf6 2.c4 e6 3.g3 Bb4+ 4.Nd2 O-O 5.Bg2 d5 6.Nf3 dxc4 7.Qc2 Nc6 8.e3 
Rb8 9.Qxc4 Qd5 10.O-O Qxc4 11.Nxc4 b5 12.Nce5 Bb7 13.Nxc6 Bxc6 14.a3 Bd6 
15.b4 Nd7 16.Bb2 Nb6 17.Nd2 Bxg2 18.Kxg2 Na4 19.Rab1 Nxb2 20.Rxb2 e5 21.d5
f5 22.f3 Ra8 23.Nb3 Rfd8 24.e4 fxe4 25.fxe4 Rf8 26.Rc1 Rf7 27.Rf2 Rxf2+ 
28.Kxf2 Kf7 29.Rc6 Ke7 30.Ra6 Kd7 31.Nc5+ Kc8 32.Kf3 Bxc5 33.bxc5 Kb7 34.
Re6 a5 35.Rxe5 b4 36.axb4 a4 37.d6 cxd6 38.cxd6 a3 39.d7 Kc7 40.Rd5 Kd8 
41.Rd1 a2 42.Ra1 Kxd7 43.Ke3 Kc6 44.Kd3 Kb5 45.Kc3 Ra3+ 46.Kb2 Kxb4 47.e5 
Re3 48.Rxa2 Re2+ 49.Kb1 Rxa2 50.Kxa2 Kc5 51.Kb3 Kd5 52.Kc3 Kxe5 53.Kd3 h5 
54.Ke3 Kf5 55.Kf3 g5 56.h3 g4+ 57.hxg4+ hxg4+ 58.Kf2 Kf6 59.Ke2 Ke6 
1/2-1/2